000 00653cam a22002413a 4500
001 31285
003 PGUSA
005 20140828083657.0
008 100215s2010||||xxu|||||s|||||000 p eng d
040 _aPGUSA
_beng
042 _adc
050 4 _aPQ
100 1 _aNotturno, Napolitano
245 1 0 _aOpera nova amorosa, vol. 2 :
_bTraggedia
_h[electronic resource] /
_cNapolitano Notturno
260 _bProject Gutenberg,
_c2010
506 _aPublic domain in the USA.
516 _aElectronic text
653 _aDrama
653 _aPoetry
830 0 _aProject Gutenberg
_v31285
856 4 0 _uhttp://www.gutenberg.org/ebooks/31285
942 _cEB
999 _c260540
_d260540